000 00317nam a22001337a 4500
008 180919b xxu||||| |||| 00| 0 eng d
020 _a9781582700670
041 _aeng
080 _a370
100 _a47
101 _aEDU
245 _aGeneration Fix Young Ideas For Better World
_cRusch.E
942 _2udc
_cBK
999 _c47972
_d47972